| 000 | 02164 a2200253 4500 | ||
|---|---|---|---|
| 001 | 24346 | ||
| 005 | 20260407155527.0 | ||
| 008 | 260407a2014 arg spa d | ||
| 003 | AR-UNSa-BCEJYS | ||
| 040 |
_aAR-UNSa-BCEJYS _bspa _cAR-UNSa-BCEJYS |
||
| 080 |
_a336.7 _xMoneda. Sistema monetario. Banca. Bolsa |
||
| 245 | 1 | 0 | _aMoneda, banca y mercados financieros |
| 020 | _a978-607-32-2204-4 | ||
| 250 | _a10a. ed. | ||
| 264 | 1 |
_aMéxico : _bPearson Educación _c2014 |
|
| 300 |
_axli, 622 p. _c27 cm. |
||
| 505 | _a1. ¿Por qué estudiar el dinero, la banca y los mercados financieros - 2. Panorama general del sistema financiero - 3. ¿Qué es el dinero? - 4. Comprensión de las tasas de interés - 5. El comportamiento de las tasas de interés - 6. Las estructuras de riesgo y de plazos de las tazas de interés - 7. La bolsa de valores, las teorías de las expectativas racionales y la hipótesis de los mercados eficientes - 8. Análisis económico de la estructura financiera - 9. Crisis financiera - 10. La banca y la administración de las instituciones financieras - 11. Análisis económico de la regulación financiera - 12. Industria bancaria: estructura y competencia - 13. Los bancos centrales y el sistema de la reserva federal - 14. El proceso de la oferta de dinero - 15. Herramientas de política monetaria - 16. Conducción de la política monetaria: estrategia y tácticas - 17. El mercado de divisas - 18. El sistema financiero internacional - 19. Teoría cuantitativa, inflación y la demanda de dinero - 20. La curva IS - 21. La política monetaria y las curvas de demanda agregada - 22. La curva de Phillips y la curva de oferta agregada a corto plazo - 23. Teoría de la política monetaria - 24. El papel de las expectativas en la política monetaria - 25. Mecanismos de trasmisión de la política monetaria | ||
| 942 | _cBK | ||
| 590 | _aniveau_biblio:m niveau_hierar:0 | ||
| 100 | 1 | _aCampos Olguín, Víctor | |
| 700 | 1 | _aMishkin, Frederic S. | |
| 700 | 1 | _aJuárez Valdés, Luis Felipe | |
| 856 | 4 | 1 |
_uhttps://biblioeco.unsa.edu.ar/pmb/images/libros/Moneda, banca y Mercados Financieros (2014).jpg _yImagen de portada _qimage/jpeg |
| 999 |
_c1176 _d1176 |
||